[Event "2. Magistral Espirito Santo"]
[Site "Vitoria BRA"]
[Date "2007.06.03"]
[Round "8.2"]
[White "Molina, Roberto Junio Brito"]
[Black "Hungaski, Robert Andrew"]
[Result "0-1"]
[WhiteElo "2353"]
[BlackElo "2379"]
[PlyCount "80"]
[EventDate "2007.05.29"]
[EventType "tourn"]
[EventRounds "10"]
[EventCountry "BRA"]
[EventCategory "6"]
[Source "lmi"]
[SourceDate "2007.05.29"]

1. e4 e5 2. Nf3 Nc6 3. Bb5 a6 4. Ba4 Nf6 5. O-O Be7 6. Re1 b5 7. Bb3 d6 8. c3
O-O 9. h3 Na5 10. Bc2 c5 11. d4 Qc7 12. Nbd2 Nc6 13. d5 Na5 14. Nf1 Bd7 15. b3
Nb7 16. Ne3 g6 17. Nh2 c4 18. b4 a5 19. a3 Nd8 20. Kh1 Ne8 21. g4 Bg5 22. Rg1
f6 23. Nf3 Bf4 24. Bd2 Nf7 25. Qe2 Ng7 26. Ne1 Ra6 27. Bc1 Kh8 28. Bb2 Qc8 29.
Rf1 f5 30. f3 fxg4 31. fxg4 h5 32. N1g2 Ng5 33. h4 Nh3 34. g5 Bg4 35. Nxg4 hxg4
36. Nxf4 exf4 37. Qd2 Nh5 38. Qd4+ Kh7 39. e5 dxe5 40. Qc5 Qb7 0-1

[Event "2. Magistral Espirito Santo"]
[Site "Vitoria BRA"]
[Date "2007.06.03"]
[Round "8.3"]
[White "Bachmann, Axel"]
[Black "Bittencourt, Jorge"]
[Result "1/2-1/2"]
[WhiteElo "2470"]
[BlackElo "2442"]
[PlyCount "81"]
[EventDate "2007.05.29"]
[EventType "tourn"]
[EventRounds "10"]
[EventCountry "BRA"]
[EventCategory "6"]
[Source "lmi"]
[SourceDate "2007.05.29"]

1. c4 c5 2. Nc3 Nc6 3. g3 g6 4. Bg2 Bg7 5. d3 d6 6. e3 e5 7. Nge2 Nge7 8. O-O
O-O 9. a3 a5 10. Rb1 Rb8 11. Bd2 Be6 12. Nd5 Bf5 13. Qc2 b5 14. cxb5 Rxb5 15.
Nec3 Rb8 16. Rfc1 Qd7 17. Qa4 Rfc8 18. Nxe7+ Nxe7 19. Qxd7 Bxd7 20. Ne4 Rb6 21.
Bxa5 Ra6 22. Be1 Rb8 23. b4 f5 24. Nc3 cxb4 25. Nd5 Nxd5 26. Bxd5+ Kf8 27. Bxb4
Ke8 28. Rc3 Bf6 29. Rbc1 Be7 30. Kf1 Kd8 31. Ke2 Ke8 32. Rc7 Bd8 33. Rb7 Rxb7
34. Bxb7 Ra7 35. Bd5 Ke7 36. e4 Be6 37. Rc6 Bc7 38. Bc4 Bxc4 39. Rxc4 Kd7 40.
exf5 gxf5 41. Rh4 1/2-1/2

[Event "2. Magistral Espirito Santo"]
[Site "Vitoria BRA"]
[Date "2007.06.04"]
[Round "9.1"]
[White "Bachmann, Axel"]
[Black "Bortoloso, Moacir Canella"]
[Result "1/2-1/2"]
[WhiteElo "2470"]
[BlackElo "2228"]
[PlyCount "20"]
[EventDate "2007.05.29"]
[EventType "tourn"]
[EventRounds "10"]
[EventCountry "BRA"]
[EventCategory "6"]
[Source "lmi"]
[SourceDate "2007.05.29"]

1. e4 d5 2. exd5 Nf6 3. d4 Bg4 4. f3 Bf5 5. Bb5+ Nbd7 6. c4 e6 7. dxe6 Bxe6 8.
d5 Bf5 9. Be3 Bb4+ 10. Nc3 O-O 1/2-1/2

[Event "2. Magistral Espirito Santo"]
[Site "Vitoria BRA"]
[Date "2007.06.04"]
[Round "9.2"]
[White "Bittencourt, Jorge"]
[Black "Molina, Roberto Junio Brito"]
[Result "1-0"]
[WhiteElo "2442"]
[BlackElo "2353"]
[PlyCount "201"]
[EventDate "2007.05.29"]
[EventType "tourn"]
[EventRounds "10"]
[EventCountry "BRA"]
[EventCategory "6"]
[Source "lmi"]
[SourceDate "2007.05.29"]

1. e4 c6 2. d4 d5 3. Nd2 dxe4 4. Nxe4 Nd7 5. Ng5 Ngf6 6. Bd3 e6 7. N1f3 Bd6 8.
Qe2 h6 9. Ne4 Nxe4 10. Qxe4 Nf6 11. Qe2 b6 12. Bd2 Bb7 13. O-O-O Qe7 14. Kb1
O-O-O 15. Ba6 Bxa6 16. Qxa6+ Qb7 17. Qe2 Kb8 18. Rhe1 Rc8 19. c4 Rhd8 20. Bc3
c5 21. d5 Re8 22. Bxf6 gxf6 23. Qd2 e5 24. Qxh6 Qe7 25. Qh5 Rg8 26. g3 Qd7 27.
Nh4 Rg5 28. Qe2 Rh8 29. Nf3 Rg4 30. h4 Rgg8 31. a3 Re8 32. Ka2 e4 33. Nd2 f5
34. f4 exf3 35. Qxf3 Reg8 36. Rg1 Rg4 37. Rdf1 Rh5 38. Rg2 Be5 39. Rff2 f6 40.
Nf1 Bd4 41. Rc2 Rh7 42. Ne3 Bxe3 43. Qxe3 Rhg7 44. Qf3 Rg8 45. b3 R8g7 46. Kb2
Rg8 47. a4 R8g7 48. Rcf2 f4 49. gxf4 Rxh4 50. f5 Rhh7 51. Rxg7 Rxg7 52. Re2 Qd6
53. Ka3 Kb7 54. Qe4 Qg3 55. Qe8 Qc3 56. Ka2 Qd3 57. Re7+ Rxe7 58. Qxe7+ Ka6 59.
Qxf6 Qc2+ 60. Ka3 Ka5 61. Qe5 Qc1+ 62. Qb2 Qf4 63. f6 Ka6 64. Qc3 Kb7 65. a5
Ka6 66. axb6 axb6 67. Kb2 Qf2+ 68. Kc1 Qf1+ 69. Kc2 Qf2+ 70. Qd2 Qf5+ 71. Qd3
Qf2+ 72. Kb1 Qe1+ 73. Kc2 Qf2+ 74. Kd1 Qxf6 75. d6 Qa1+ 76. Kd2 Qb2+ 77. Ke3
Qe5+ 78. Kf3 Qf6+ 79. Kg4 Qe6+ 80. Kg5 Qe5+ 81. Kg6 Qe6+ 82. Kg7 Qd7+ 83. Kf6
Qd8+ 84. Ke5 Qh8+ 85. Ke6 Qe8+ 86. Kd5 Qg8+ 87. Ke4 Qg4+ 88. Ke5 Qg7+ 89. Ke6
Qg8+ 90. Ke7 Qg7+ 91. Kd8 Qf8+ 92. Kc7 Ka7 93. Qd5 Qb8+ 94. Kd7 Qf8 95. Qe6 Qf4
96. Kc6 Qf3+ 97. Qd5 Qf8 98. d7 Qf6+ 99. Kb5 Qd8 100. Qc6 Qb8 101. Qc8 1-0

[Event "2. Magistral Espirito Santo"]
[Site "Vitoria BRA"]
[Date "2007.06.04"]
[Round "9.3"]
[White "Hungaski, Robert Andrew"]
[Black "Stamenkovic, Dragan"]
[Result "1/2-1/2"]
[WhiteElo "2379"]
[BlackElo "2423"]
[PlyCount "25"]
[EventDate "2007.05.29"]
[EventType "tourn"]
[EventRounds "10"]
[EventCountry "BRA"]
[EventCategory "6"]
[Source "lmi"]
[SourceDate "2007.05.29"]

1. e4 c5 2. Nf3 d6 3. d4 cxd4 4. Nxd4 Nf6 5. Nc3 g6 6. Be3 Bg7 7. f3 O-O 8. Qd2
Nc6 9. O-O-O d5 10. exd5 Nxd5 11. Nxc6 bxc6 12. Bd4 e5 13. Bc5 1/2-1/2

[Event "2. Magistral Espirito Santo"]
[Site "Vitoria BRA"]
[Date "2007.06.05"]
[Round "10.1"]
[White "Bortoloso, Moacir Canella"]
[Black "Hungaski, Robert Andrew"]
[Result "1-0"]
[WhiteElo "2228"]
[BlackElo "2379"]
[PlyCount "61"]
[EventDate "2007.05.29"]
[EventType "tourn"]
[EventRounds "10"]
[EventCountry "BRA"]
[EventCategory "6"]
[Source "lmi"]
[SourceDate "2007.05.29"]

1. e4 e5 2. Nf3 Nc6 3. d4 exd4 4. Nxd4 Bc5 5. Be3 Qf6 6. Nb5 Bxe3 7. fxe3 Qd8
8. Qg4 g6 9. Qf4 d6 10. Bc4 Be6 11. N1a3 Ne5 12. Bxe6 fxe6 13. O-O Ne7 14. Rad1
Qd7 15. Nxc7+ Qxc7 16. Nb5 O-O-O 17. Nxc7 Kxc7 18. Qf6 Rhe8 19. Qxe6 N7c6 20.
Qb3 Rd7 21. Rf6 Ng4 22. Rf4 h5 23. h3 Nge5 24. Rdf1 Rde7 25. Rf6 Nd7 26. Rxg6
Nc5 27. Qd5 Nxe4 28. Rf7 Rxf7 29. Qxf7+ Re7 30. Qd5 h4 31. Re6 1-0

[Event "2. Magistral Espirito Santo"]
[Site "Vitoria BRA"]
[Date "2007.06.05"]
[Round "10.2"]
[White "Stamenkovic, Dragan"]
[Black "Bittencourt, Jorge"]
[Result "1/2-1/2"]
[WhiteElo "2423"]
[BlackElo "2442"]
[PlyCount "58"]
[EventDate "2007.05.29"]
[EventType "tourn"]
[EventRounds "10"]
[EventCountry "BRA"]
[EventCategory "6"]
[Source "lmi"]
[SourceDate "2007.05.29"]

1. d4 d5 2. Nf3 Nf6 3. c4 e6 4. Nc3 c6 5. cxd5 exd5 6. Bg5 Be7 7. Qc2 Nbd7 8.
e3 O-O 9. Bd3 Re8 10. O-O Nf8 11. Rab1 a5 12. a3 Be6 13. Rfc1 h6 14. Bxf6 Bxf6
15. Na4 Nd7 16. b4 axb4 17. axb4 b5 18. Nc5 Nxc5 19. Qxc5 Bd7 20. Qc3 Qe7 21.
Nd2 Ra7 22. Ra1 Rea8 23. Rxa7 Rxa7 24. Nb3 Be8 25. Nc5 Qd8 26. Ra1 Qa8 27. Rxa7
Qxa7 28. Bb1 Be7 29. Qb2 Kf8 1/2-1/2

[Event "2. Magistral Espirito Santo"]
[Site "Vitoria BRA"]
[Date "2007.06.05"]
[Round "10.3"]
[White "Molina, Roberto Junio Brito"]
[Black "Bachmann, Axel"]
[Result "0-1"]
[WhiteElo "2353"]
[BlackElo "2470"]
[PlyCount "148"]
[EventDate "2007.05.29"]
[EventType "tourn"]
[EventRounds "10"]
[EventCountry "BRA"]
[EventCategory "6"]
[Source "lmi"]
[SourceDate "2007.05.29"]

1. e4 c5 2. Nf3 e6 3. d4 cxd4 4. Nxd4 a6 5. c4 Nf6 6. Nc3 Qc7 7. Bd3 d6 8. O-O
Nbd7 9. f4 b6 10. Kh1 Be7 11. Qe2 h5 12. Be3 h4 13. Rae1 Bb7 14. Bd2 g6 15. Kg1
h3 16. g3 Qc5 17. Be3 Qh5 18. Nf3 Nc5 19. Bd4 O-O 20. Bc2 Ncd7 21. Ng5 e5 22.
Qxh5 Nxh5 23. Be3 exf4 24. gxf4 Bxg5 25. fxg5 Ne5 26. Bxb6 Nxc4 27. Bd4 Rac8
28. Bd1 Ng7 29. Bg4 Ne6 30. Bf6 Rc5 31. Nd5 Bxd5 32. exd5 Ng7 33. Rc1 Ne3 34.
Rxc5 dxc5 35. Bxh3 Nxd5 36. Rc1 Nxf6 37. gxf6 Nh5 38. Rxc5 Nxf6 39. Rc6 Kg7 40.
Rxa6 Rd8 41. Bf1 Rd1 42. b4 Rb1 43. b5 Ne4 44. Kg2 f5 45. Bd3 Rb2+ 46. Kf3 Nc5
47. Ra7+ Kf6 48. Be2 g5 49. h3 Ne6 50. Ra6 Ke5 51. Bc4 Nd4+ 52. Ke3 f4+ 53. Kd3
f3 54. Rg6 f2 55. Rxg5+ Kf6 56. Kxd4 Rb4 57. Rg8 Rxc4+ 58. Kxc4 f1=Q+ 59. Kc5
Qf5+ 60. Kb4 Qe4+ 61. Ka5 Qe1+ 62. Ka4 Qd1+ 63. Kb4 Qd2+ 64. Kc5 Qe3+ 65. Kb4
Qd4+ 66. Ka5 Qa7+ 67. Kb4 Qxa2 68. Rc8 Ke5 69. Rc6 Kd5 70. h4 Qh2 71. Rc5+ Kd4
72. Rc6 Qa2 73. h5 Qd2+ 74. Ka3 Qa5+ 0-1